书目信息 |
| 题名: |
作曲技法
|
|
| 作者: | 欣德米特 著 ;罗忠 译 | |
| 分册: | 第2卷 二声部写作练习 | |
| 出版信息: | 上海 上海音乐出版社 2001 |
|
| 页数: | 194页 | |
| 开本: | 20cm | |
| 丛书名: | ||
| 单 册: | ||
| 中图分类: | J614.9 | |
| 科图分类: | ||
| 主题词: | CT--S100079--作曲法 , 音乐--技术--理论 , 音乐--技术--方法 | |
| 电子资源: | ||
| ISBN: | 7-80667-055-6 | |
| 000 | 00953nam0 2200289 45 | |
| 001 | 012002062466 | |
| 005 | 20031219104108.3 | |
| 010 | @a7-80667-055-6@dCNY12.00 | |
| 100 | @a20020802d2001 em y0chiy0110 ea | |
| 101 | 0 | @achi |
| 102 | @aCN@b310000 | |
| 105 | @ay z 000yy | |
| 106 | @ar | |
| 200 | 1 | @a作曲技法@9zuo qu ji fa@h第2卷@i二声部写作练习@f(德)保罗·欣德米特著@g罗忠译 |
| 210 | @a上海@c上海音乐出版社@d2001 | |
| 215 | @a194页@d20cm | |
| 300 | @a外国现代作曲理论 | |
| 305 | @a德国朔特音乐国际出版(有限公司)授权 | |
| 330 | @a本书分为十一章,包括最简单的单声部旋律模式构造、初步的二声部写作、旋律加工、旋律的结构原则、调性、自由二声部写作等内容。 | |
| 606 | 0 | @2CT@3S100079@a作曲法 |
| 606 | 0 | @a音乐@x技术@x理论 |
| 606 | 0 | @a音乐@x技术@x方法 |
| 690 | @aJ614.9@v4 | |
| 701 | 1 | @a欣德米特@9xin de mi te@b保罗@4著 |
| 702 | 0 | @a罗忠@ALuo Zhong@4译 |
| 801 | @aCN@bTSTC@c20030331 | |
| 905 | @b321776-780@dJ614.9@e54:2≈2@f5 | |
| 作曲技法.第2卷.二声部写作练习/(德)保罗·欣德米特著/罗忠译.-上海:上海音乐出版社,2001 |
| 194页;20cm |
| 外国现代作曲理论 |
| ISBN 7-80667-055-6:CNY12.00 |
| 本书分为十一章,包括最简单的单声部旋律模式构造、初步的二声部写作、旋律加工、旋律的结构原则、调性、自由二声部写作等内容。 |
| ● |
| 相关链接 |
|
|
|
|
正题名:作曲技法
索取号:J614.9/54:2≈2
 
预约/预借
| 序号 | 登录号 | 条形码 | 馆藏地/架位号 | 状态 | 备注 |
| 1 | 0321776 | 203217768 | 第一借阅区/ [索取号:J614.9/54:2≈2] | 在馆 | |
| 2 | 0321777 | 203217777 | 第一借阅区/ [索取号:J614.9/54:2≈2] | 在馆 | |
| 3 | 0321778 | 203217786 | 第一借阅区/ [索取号:J614.9/54:2≈2] | 在馆 | |
| 4 | 0321779 | 203217795 | 第一借阅区/ [索取号:J614.9/54:2≈2] | 在馆 | |
| 5 | 0321780 | 203217802 | 第一样本阅览室/ [索取号:J614.9/54:2≈2] | 在馆 |